MARC

LEADER 00000nam0a2200000 4500
001 60325
005 20231031061307.0
010 |a 5947235765 
035 |a (RuTPU)RU\TPU\book\63792 
090 |a 60325 
100 |a 20040206d2004 m y0rusy50 ca 
101 0 |a rus 
102 |a RU 
105 |a y j 001zy 
200 1 |a Федералогия  |e учебное пособие  |f Р. Г. Абдулатипов 
210 |a СПб.  |c Питер  |d 2004 
215 |a 320 с. 
225 1 |a Учебное пособие 
225 1 |a Издательская программа "300 лучших учебников для высшей школы в честь 300-летия Санкт-Петербурга" 
320 |a Библиогр.: с. 310-319. 
610 1 |a право 
610 1 |a федерализм 
610 1 |a федералогия 
610 1 |a Россия 
610 1 |a Российская Федерация 
610 1 |a экономический федерализм 
610 1 |a федеративное устройство 
610 1 |a местное самоуправление 
610 1 |a учебные пособия 
686 |a Х620.4я73  |v LBC/SL-A  |2 rubbk 
700 1 |a Абдулатипов  |b Р. Г.  |g Рамазан Гаджимурадович 
801 1 |a RU  |b 63413507  |c 20040206  |g PSBO 
801 2 |a RU  |b 63413507  |c 20131111  |g PSBO 
900 |a Государственное и муниципальное управление 
942 |c BK 
952 |a 520000  |b 061000 
959 |a 118/20040908  |d 1  |e 175,01  |f ЧЗГЛ:1